00799nam a2200217 i 4500001000700000003000900007005001700016007000300033008004100036100003700077245010400114250001300218260003400231300002200265600007000287700002600357700002500383852003200408999001900440952012200459122232ES-MaACL20251018063103.0t|070214s1971 sp r ||||1| spa d1 aPound, Ezra, d1885-1972924236210aSobre Joyce / cEzra Pound ; edición y comentarios de Forrest Read ; traducción de Mirko Lauer. a1ª. ed. aBarcelona : bBarral, c1971. a434 p. ; c20 cm.17aJoyce, James,d1882-1941-xCrítica e interpretación291598371 aRead, Forrest.9956651 aLauer, Mirko.970589 aES-MaACLjC-39150 bR.79368 c122232d122232 00104070aATENEOMbATENEOMcDEPO2d2008-01-17eSCl0oC-39150p1127375r2023-02-23 00:00:00w2023-02-23yMONOGRAFIA